00000000nam 2200000zi 4500
0019.937114
003CaOODSP
00520250904135329
006m     o  d f      
007cr |n|||||||||
008240419e20231101onc     ob   f|0| 0 eng d
040 |aCaOODSP|beng|erda|cCaOODSP
043 |an-cn---
0861 |aRv55-8/11-11-3-2023E-PDF
24500|aAdvance rulings for tariff classification.
250 |a[November 1, 2023 edition].
264 1|aOttawa : |bCanada Border Services Agency = Agence des services frontaliers du Canada, |c[November 1, 2023]
300 |a1 online resource (18 unnumbered pages)
336 |atext|btxt|2rdacontent
337 |acomputer|bc|2rdamedia
338 |aonline resource|bcr|2rdacarrier
4901 |aMemorandum, |x2369-2391 ; |vD11-11-3
500 |aIssued also in French under title: Décisions anticipées en matière de classement tarifaire.
500 |aDate incorrectly printed as November 1, 2022.
500 |a"Superseded Memorandum D D11-11-3, dated June 28, 2023."
504 |aIncludes bibliographical references (page [18]).
650 0|aTariff |vTerminology and classification.
650 0|aImports|xLaw and legislation|zCanada.
7102 |aCanada Border Services Agency, |eissuing body.
77508|tDécisions anticipées en matière de classement tarifaire.|w(CaOODSP)9.937117
794 |tAdvance rulings for tariff classification.|b[October 21, 2024 edition]|w(CaOODSP)9.954835
795 |tAdvance rulings for tariff classification.|b[September 13, 2021 edition]|w(CaOODSP)9.911616
830#0|aMemorandum (Canada Border Services Agency)|vD11-11-3.|w(CaOODSP)9.816825
85640|qPDF|s380 KB|uhttps://publications.gc.ca/collections/collection_2024/asfc-cbsa/Rv55-8-11-11-3-2023-eng.pdf